[Event "Voronezh op-A 14th"]
[Site "Voronezh"]
[Date "2010.06.15"]
[Round "4"]
[White "Rakhmanov, Alexander"]
[Black "Zakhartsov, Viacheslav V"]
[Result "1/2-1/2"]
[WhiteElo "2570"]
[BlackElo "2586"]
[Annotator "Zakhartsov,Vi"]
[PlyCount "67"]
[EventDate "2010.06.12"]
[EventType "swiss"]
[EventRounds "9"]
[EventCountry "RUS"]
[SourceTitle "CBM 137"]
[Source "ChessBase"]
[SourceDate "2010.07.15"]
[SourceVersion "1"]
[SourceVersionDate "2010.07.15"]
[SourceQuality "1"]

1. d4 Nf6 2. c4 e6 3. Nc3 Bb4 4. e3 O-O 5. Bd3 d5 6. cxd5 exd5 7. Nge2 Re8 8.
O-O Bf8 9. Bd2 a5 10. Rc1 Na6 11. f3 Nb4 {A standard reaction in such
positions is ...c7-c5, preventing White from playing e3-e4. Firstly I have
attacked bishop with tempo to be ready then to play Nc6.} 12. Bb1 c5 13. g4 {
During the game I was a bit worried about} (13. Na4 {, but} c4 {would have
kept the balance:} 14. Nac3 (14. b3 b5 15. Nac3 Ba6) 14... b6 {with the idea}
15. e4 dxe4 16. fxe4 Nd3 17. e5 Nh5 $5 (17... Nxc1 18. Bxc1 Nd5 19. Nxd5 Qxd5
20. Nc3 Qd7 (20... Qd8 21. Rxf7 {!} Kxf7 {?} 22. Qh5+ g6 23. Qxh7+ Ke6 24.
Qxg6+ Kd7 25. Nd5 $1 {with a decisive attack}) 21. Bf5 Qxf5 22. Rxf5 Bxf5 23.
Qa4 Rac8 24. Qb5 Re6 25. Be3 {with an edge for White}) 18. Qc2 Bb7 19. b3 g6
20. Rcd1 Qd7 {, threatening Qg4 or Qc6.}) 13... b6 14. a3 Nc6 15. Rf2 (15. Ba2
Ba6 16. g5 {would have failed to} Nh5 17. Bxd5 (17. dxc5 d4 18. Ne4 Bxc5 19.
Nxc5 Qxg5+ 20. Kh1 bxc5) 17... cxd4 18. Nxd4 Nxd4 19. exd4 Bxf1 20. Bxa8 Qxd4+
21. Kxf1 Bc5 22. Kg2 Qf2+ 23. Kh1 Bd6 24. Qg1 Qxd2 25. Ne4 Bxh2) (15. Qa4 $5
Bb7) 15... Ba6 16. Rg2 (16. Qa4 {deserved attention:} Rc8 17. Bf5 Rc7 18. Nb5)
16... g6 {Now Black is fine.} 17. Ba2 Bc4 18. g5 cxd4 ({I rejected} 18... Nh5 {
because of} 19. Bxc4 dxc4 20. d5 {, however Black would have strong
counterplay against White's centre:} (20. Rg4 {or}) (20. Nb5 {would transpose
to the game.}) 20... Ne5 21. f4 Nd3 22. Rb1 a4 {, intending to play ...Qd7 and
...b5-b4.}) 19. exd4 Nh5 20. Bxc4 dxc4 21. Rg4 $6 (21. Nb5 {would be stronger,
but anyway Black had an excellent position after} Rc8) 21... Bg7 22. Nb5 Rc8 $6
({I rejected} 22... Qd5 $1 23. Nec3 {, missing the simple} (23. Nc7 Qxf3 24.
Rg2 Nxd4 25. Nxd4 Bxd4+ 26. Kh1 Qc6 27. Nxa8 Bxb2 28. Rc2 Bd4 {with a big
advantage}) 23... Qd7 {!} 24. d5 (24. Be1 Re3 25. Bf2 Rd3 {, winning a pawn})
24... Ne5 25. Rh4 Rac8 {with a large advantage.}) 23. Kf2 (23. Qf1) 23... f5 (
23... Qd5 24. Nec3 Qd7 {again was possible.}) 24. Rh4 (24. gxf6 Nxf6 25. Rg2
Qd5) 24... f4 $2 ({In time trouble I rejected} 24... h6 $1 25. Rxh5 gxh5 26.
gxh6 {, overlooking} Nxd4 (26... Bxd4+ {is also possible:} 27. Nexd4 Qh4+ {!} (
27... Nxd4 {??} 28. Qg1+ {was a variation which I saw.}) 28. Kg1 Nxd4) 27. Nec3
Nxb5 28. Nxb5 Bxb2 {with a winning advantage.}) 25. Bxf4 Nxf4 26. Rxf4 Qxg5 27.
Nd6 Nxd4 {Again missing the strongest continuation in time trouble:} (27...
Rxe2+ 28. Qxe2 Bxd4+ (28... Qxf4 {??} 29. Qe6+ Kf8 30. Qxc8+ Ke7 31. Re1+ {
and White wins.}) 29. Rxd4 Nxd4 30. Qe3 Qxe3+ 31. Kxe3 Nf5+ 32. Nxf5 gxf5 {
, although White should hold this endgame after} 33. a4) 28. Nxe8 Rxe8 29. Rxd4
Qe3+ {I calculated the text variation and didn't deviate. However,} (29...
Rxe2+ {was more precise:} 30. Kxe2 Bxd4 31. Qxd4 (31. Qd2 Qg2+ 32. Kd1 Qxf3+
33. Qe2 Qxe2+ 34. Kxe2 Bxb2 35. Rxc4 Bxa3 36. Rc7 {left some chances to Black,
although this should be a draw}) 31... Qxc1 32. Qd8+ Kf7 33. Qd7+ {with a draw.
}) 30. Kg3 Be5+ 31. Kg2 (31. Kh3 $5 {was more tricky:} Bxd4 (31... Qxf3+ {??}
32. Ng3) 32. Nxd4 Rd8 33. Rxc4 b5 34. Nf5 {!?} (34. Rc3 Qxd4 35. Qxd4 Rxd4 36.
Rc5 Rd3 37. Rxb5 Rxf3+ 38. Kg4 Rf2 {should be a draw}) 34... Qg5 35. Qc2 gxf5 (
35... bxc4 {??} 36. Qxc4+ Kf8 37. Qc5+ {, winning}) (35... Qxf5+ 36. Qxf5 gxf5
37. Rc5 Rd3 38. Rxb5 Rxf3+ 39. Kg2 Rd3 40. Rxf5 a4 {with some drawing chances
for Black}) 36. Rc8 Qh6+ 37. Kg2 Qg5+ (37... Rxc8 38. Qxc8+ Qf8 39. Qxf8+ Kxf8
40. Kf2 Ke7 41. Ke3 Ke6 42. Kd4 a4 43. Kc5 Ke5 44. Kxb5 Kf4 45. Kxa4 Kxf3 46.
b4 f4 47. b5 Kg2 48. b6 f3 49. b7 f2 50. b8=Q f1=Q) 38. Kf1 Rxc8 39. Qxc8+ Kg7
40. Qb7+ Kg6 41. Qxb5 Qc1+ 42. Kf2 Qd2+ 43. Qe2 Qf4 {with drawing chances for
Black.}) 31... Bxd4 32. Nxd4 Rd8 33. Rxc4 b5 34. Rc3 1/2-1/2